000 00701nam a2200229Ia 4500
003 OSt
005 20220926013658.0
006 a|||||r|||| 00| 0
007 ta
008 220923b |||||||| |||| 00| 0 eng d
037 _cGeneral Book
040 _aRTL
_cRTL
_beng
041 _2eng
_aeng
082 _aV5,45.N6, L2
100 _aSchapiro Leonard Ed.
_919289
245 0 _aPolitical opposition in one-party states
260 _aNew York
_bJohn Wiley
_c1972
490 _aStudies in Comparative Politics. Government and Opposition, Publication
650 _aEurope History
_914786
942 _hV5,45.N6, L2
_cGB
_2CC
999 _c626550
_d626550